KOHA-Header-6

Smart Things To Know About People Management (Record no. 6585)

000 -LEADER
fixed length control field 00282nam a2200109Ia 4500
100 ## - MAIN ENTRY--AUTHOR NAME
Personal name David Firth
245 #0 - TITLE STATEMENT
Title Smart Things To Know About People Management
260 ## - PUBLICATION, DISTRIBUTION, ETC. (IMPRINT)
Place of publication New Jersey
Name of publisher Prentice Hall
Year of publication 2001
300 ## - PHYSICAL DESCRIPTION
Number of Pages 228
942 ## - ADDED ENTRY ELEMENTS (KOHA)
Koha item type Books
Holdings
Withdrawn status Lost status Collection code Permanent Location Current Location Shelving location Date acquired Full call number Accession Number Koha item type
    Management MAJU MAJU   2019-09-07 306.36 5087 Management

Powered by Koha